000 00554nam a2200181Ia 4500
003 OSt
005 20240402164538.0
008 210210b1959 xxu||||| |||| 00| 0 eng d
040 _cAL
041 _aKannada
082 _a852/616
100 _aSITARAMAYYA (M V)
_944541
_dಎಂ.ವಿ.ಸೀತಾರಾಮಯ್ಯ
245 _aDhumalile mattu mugilugalu
_bಧೂಮಲೀಲೆ ಮತ್ತು ಮುಗಿಲುಗಳು
260 _aBengaluru
_bRaghava Prakashana
_c1959
690 _aKannada Prose
_944542
906 _a019182
942 _2ddc
_cBK
999 _c143302
_d143302